00379nam a2200145Ia 4500008004100000020001500041041001200056082001600068100001700084245005600101260004700157300000800204650000800212700001300220221030s9999 xx 000 0 und d a8122411509 aEnglish a105.23bKak aS. L. Kakani 0aText book of Elcetronicscby S. L. Kakani, Bhandari bNew Age Internationl Pub.aNew Delhic1998 a582 aECE aBhandari